Score 0/50 Timer 20:00
0 Plays Today
State Answer % Correct
DelawareThe First State
81.5%
FloridaThe Sunshine State
81.5%
New JerseyThe Garden State
79.6%
New YorkThe Empire State
79.6%
West VirginiaThe Mountain State
77.8%
CaliforniaThe Golden State
75.9%
HawaiiThe Aloha State
75.9%
GeorgiaThe Peach State
74.1%
NevadaThe Silver State
74.1%
Rhode IslandThe Ocean State
72.2%
MassachusettsThe Bay State
70.4%
OklahomaThe Sooner State
70.4%
ArizonaThe Grand Canyon State
68.5%
ConnecticutThe Constitution State
68.5%
MissouriThe Show Me State
68.5%
OhioThe Buckeye State
68.5%
South DakotaMount Rushmore State
68.5%
TexasThe Lone Star State
68.5%
VermontThe Green Mountain State
68.5%
AlabamaThe Yellowhammer State
66.7%
AlaskaThe Last Frontier
66.7%
IowaThe Hawkeye State
66.7%
MichiganThe Great Lakes State
66.7%
OregonThe Beaver State
66.7%
WashingtonThe Evergreen State
66.7%
State Answer % Correct
IndianaThe Hoosier State
64.8%
NebraskaThe Cornhusker State
64.8%
New MexicoLand Of Enchantment
64.8%
ColoradoThe Centennial State
63%
KentuckyThe Bluegrass State
63%
PennsylvaniaThe Keystone State
63%
South CarolinaThe Palmetto State
63%
IdahoThe Gem State
61.1%
MaineThe Pine Tree State
61.1%
VirginiaOld Dominion
61.1%
MississippiThe Magnolia State
59.3%
New HampshireThe Granite State
59.3%
North CarolinaThe Tar Heel State
59.3%
UtahThe Beehive State
59.3%
KansasThe Sunflower State
57.4%
IllinoisThe Prairie State
55.6%
LouisianaThe Pelican State
55.6%
TennesseeThe Volunteer State
55.6%
WisconsinThe Badger State
55.6%
MarylandThe Old Line State
53.7%
MinnesotaThe North Star State
53.7%
North DakotaThe Peace Garden State
50%
MontanaThe Treasure State
48.1%
WyomingThe Equality State
48.1%
ArkansasThe Natural State
46.3%
Remove Ads.
Support Sporcle.
Get the best of Sporcle when you Go Orange. This ad-free experience offers more features, more stats, and more fun while also helping to support Sporcle. Thank you for becoming a member.

You're not logged in!

Compare scores with friends on all Sporcle quizzes.
OR
Log In

Show Comments

Extras

Top Quizzes Today


Score Distribution

Your Account Isn't Verified!

In order to create a playlist on Sporcle, you need to verify the email address you used during registration. Go to your Sporcle Settings to finish the process.

Report this User

Report this user for behavior that violates our Community Guidelines.

Details: